| 000 | 00564nam a2200181 i 4500 | ||
|---|---|---|---|
| 001 | 72000 | ||
| 003 | ES-MaACL | ||
| 005 | 20251005063048.0 | ||
| 007 | t| | ||
| 008 | 040823s1971 sp |||| | spa d | ||
| 100 | 1 |
_aGil y Carrasco, Enrique, _d1815-1846 _956892 |
|
| 245 | 1 | 3 |
_aEl señor de Bembibre / _cEnrique Gil y Carrasco ; edición y prólogo de Ramón Carnicer. |
| 260 |
_aBarcelona : _bBarral, _c1971. |
||
| 300 |
_a352 p. ; _c19 cm. |
||
| 700 | 1 |
_aCarnicer, Ramón, _d1912-2007 _935377 |
|
| 852 |
_aES-MaACL _jC-46015 |
||
| 999 |
_c72000 _d72000 |
||